000 01152nam a2200253Ia 4500
003 Ost
005 20260507075410.0
008 260507s9999||||xx |||||||||||||| ||und||
020 _a4165212977
040 _cfsecg
041 _aara
082 _a600
100 _aبوقرة، رابح
_eمؤلف
245 0 _aبحوث العمليات /
_c رابح بوقرة
260 _aالإسكندرية:
_bمؤسسة شباب الجامعة,
_c2009
300 _a347 صفحة؛
_bإيضاحات ؛
_c24 سم
504 _aالمراجع ص.335
520 _aيضم حل مسائل البرمجة الخطية بيانيا، استعمال الطريقة المبسطة لحل مسائل البرمجة الخطية باستعمال طريقة السمبلكس، المسائل الثنائية في البرمجة الخطية، مشاكل النقل والتخصيص، تحليل الشبكات، استعمالات وتطبيقات بحوث العمليات
653 _aالبرمجة
653 _aالبرمجة الخطية
653 _aالرياضيات التطبيقية
653 _aبحوث العمليات
942 _cكتاب
999 _c44381
_d44381